| 000 | 00810nam a2200193 a 4500 | ||
|---|---|---|---|
| 001 | 000041231 | ||
| 005 | 20201002034723.0 | ||
| 008 | 130926s1995 sp 000 0 spa d | ||
| 020 | _a8400074890 | ||
| 100 | 1 |
_aCunchillos, Jesús Luis _915333 |
|
| 245 | 1 | 0 |
_aConcordancia de palabras Ugaríticas. : _ben morfología desplegada / _cJesús Luis Cunchillos, Juan Pablo Vita. |
| 260 |
_aMadrid _aZaragoza : _bConsejo Superior de Investigaciones Científicas _bInstitución Fernando el Católico, _c1995. |
||
| 300 |
_a3 v. ; _c25 cm. |
||
| 490 | 1 |
_aBanco de datos filológicos semíticos noroccidentales _v2 |
|
| 505 | 0 |
_gv. 1 _t´- y _gv. 2 _tk - t _gv. 3 _tApéndices e índices |
|
| 700 | 1 |
_aVita, Juan Pablo _967811 |
|
| 830 | 0 |
_aBanco de datos filológicos semíticos noroccidentales _v2 _967812 |
|
| 999 |
_c40721 _d40721 |
||
| 040 | _aDO-SdBNP | ||